| 000 | 00927nas a2200313 4500 | ||
|---|---|---|---|
| 001 | BR2011007322 | ||
| 003 | BR-BrBNA | ||
| 005 | 20231205115744.0 | ||
| 007 | ta | ||
| 008 | 230509b bl.|||p| |||| 00| 00por d | ||
| 040 |
_aBR-BrBNA _bpor _cBiblioteca Nacional de Agricultura |
||
| 041 | _a(Pt) | ||
| 072 | _aF61; F04 | ||
| 100 | 1 | _aJasmim, J.M. | |
| 100 | 1 | _aToledo, R.R.V. | |
| 100 | 1 | _aCarneiro, L.A. | |
| 100 | 1 | _aMansur, E. | |
| 245 | 1 | _aFibra de coco e adubação foliar no crescimento e na nutrição de Cryptanthus sinuosus | |
| 650 | _aBROMÉLIA | ||
| 650 | _aPLANTA ORNAMENTAL | ||
| 650 | _aCOCO | ||
| 650 | _aCASCA | ||
| 650 | _aSUBSTRATO DE CULTURA | ||
| 650 | _aADUBAÇÃO | ||
| 650 | _aNUTRIÇÃO VEGETAL | ||
| 773 | 0 |
_tHorticultura Brasileira (Brazil) _xISSN 0102-0536 _g(Jul-Sep 2006), v. 24(3) p. 309-314 _wBR2011007322 |
|
| 909 |
_a202311 _bLúcia _c55 _dLúcia Elande |
||
| 942 |
_2AGRIS _n0 _cANA |
||
| 999 |
_c215536 _d215536 |
||